[Event "Saint Louis Invitational-B 2019"]
[Site "Saint Louis"]
[Date "2019.11.26"]
[Round "9.4"]
[White "Cervantes, Thalia"]
[Black "Torres, Luis"]
[Result "1/2-1/2"]
[WhiteElo "2227"]
[BlackElo "2360"]
[Annotator "TA"]
[PlyCount "46"]
[EventDate "2019.11.21"]
[EventType "tourn"]
[EventCountry "USA"]
[SourceTitle "playchess.com"]
[Source "ChessBase"]
[SourceQuality "1"]

{[%evp 10,46,50,18,22,25,13,22,18,2,38,45,49,4,20,22,20,-8,-13,-8,0,0,0,0,0,0,0,-107,-102,-99,-94,-106,-107,-103,-97,-111,-87,-180,-59]} 1. d4 g6 2. c4 Bg7 3. Nc3 d6 4. e4 e5 5. d5 a5 6. Be3 Na6 {A42: Modern Defence: Averbakh Variation} (6... Nd7 7. h3 h5 8. Nf3 Bh6 9. Bxh6 Nxh6 10. h4 Nc5 11. Ng5 Qe7 12. g3 f6 13. Nf3 Nf7 14. Bh3 Bxh3 15. Rxh3 {½-½ (56) Goryachkina,A (2478)-Sjugirov,S (2650) Sochi 2017}) 7. Bd3 Bd7 8. Nge2 Qh4 {The position is equal.} 9. O-O $146 ({Predecessor:} 9. g3 Qh3 10. Qd2 Bh6 11. f4 Nf6 12. Ng1 Qh5 13. Be2 Bg4 14. O-O-O {1-0 (23) De Francesco,K (2235)-Lagumina,G (2238) Porto Mannu 2017}) 9... Nh6 10. f3 f5 11. Qe1 Qe7 12. Nb5 f4 13. Bf2 b6 14. c5 bxc5 15. Qxa5 O-O {Threatens to win with ...Nb4.} 16. Nxc7 Nxc7 17. Qxc7 Bf6 {...Nf7 is the strong threat.} 18. Bc4 (18. Nc3 $11 {keeps the balance.}) 18... Rfc8 $1 $36 {[%cal Rc8c7][%mdl 3072] Black has strong compensation. Black is on the roll.} 19. Qb7 Rcb8 20. Qc7 {[#]} Nf7 $1 {White must now prevent ...Qe8.} ({Much weaker is} 20... Rxb2 $6 21. Rfb1 $14) 21. a4 Nd8 {And now ...Rb7 would win.} ({Reject} 21... Rxb2 $6 22. Nc3 $11) (21... Bxa4 $6 22. Qxe7 Bxe7 23. Rfb1 $11) 22. Bxc5 Rc8 23. Qb6 {[#]} (23. Qxd6 $17 {keeps fighting.} Qxd6 24. Bxd6 Rxc4 25. b3) 23... Rxc5 {Accuracy: White = 59%, Black = 83%.} (23... Nf7 $1 $19 24. b4 Be8) 1/2-1/2

[Event "Saint Louis Invitational-B 2019"]
[Site "Saint Louis"]
[Date "2019.11.26"]
[Round "9.4"]
[White "Cervantes Landeiro, Thalia"]
[Black "Torres Rosas, Luis Carlos"]
[Result "1/2-1/2"]
[WhiteElo "2227"]
[BlackElo "2360"]
[Annotator "TA"]
[PlyCount "46"]
[EventDate "2019.11.21"]
[EventType "tourn"]
[EventCountry "USA"]
[SourceTitle "playchess.com"]
[Source "ChessBase"]
[SourceQuality "1"]

{[%evp 10,46,39,29,22,18,23,14,18,8,45,43,47,7,29,12,12,14,16,-11,0,0,0,0,0,0,0,-111,-99,-116,-117,-101,-114,-109,-102,-106,-90,-176,-79]} 1. d4 g6 2. c4 Bg7 3. Nc3 d6 4. e4 e5 5. d5 a5 6. Be3 Na6 {A42: Modern Defence: Averbakh Variation} (6... Nd7 7. h3 h5 8. Nf3 Bh6 9. Bxh6 Nxh6 10. h4 Nc5 11. Ng5 Qe7 12. g3 f6 13. Nf3 Nf7 14. Bh3 Bxh3 15. Rxh3 {½-½ (56) Goryachkina,A (2478)-Sjugirov,S (2650) Sochi 2017}) 7. Bd3 Bd7 8. Nge2 Qh4 {The position is equal.} 9. O-O $146 ({Predecessor:} 9. g3 Qh3 10. Qd2 Bh6 11. f4 Nf6 12. Ng1 Qh5 13. Be2 Bg4 14. O-O-O {1-0 (23) De Francesco,K (2235)-Lagumina,G (2238) Porto Mannu 2017}) 9... Nh6 10. f3 f5 11. Qe1 Qe7 12. Nb5 f4 13. Bf2 b6 14. c5 bxc5 15. Qxa5 O-O 16. Nxc7 Nxc7 17. Qxc7 Bf6 18. Bc4 (18. Nc3 $11 {remains equal.}) 18... Rfc8 $1 $36 {[%cal Rc8c7][%mdl 3072] Black has strong compensation. Keeping White busy.} 19. Qb7 Rcb8 20. Qc7 {[#]} Nf7 $1 {Hoping for ...Qe8.} ({Reject} 20... Rxb2 $6 21. Rab1 $14) 21. a4 Nd8 {Strongly threatening ...Rb7.} ({But not} 21... Rxb2 $6 22. Nc3 $11) ({Don't play} 21... Bxa4 $6 22. Qxe7 Bxe7 23. Rfb1 $11) 22. Bxc5 Rc8 23. Qb6 {[#]} (23. Qxd6 $17 Qxd6 24. Bxd6 Rxc4 25. b3) 23... Rxc5 {Accuracy: White = 55%, Black = 83%.} (23... Nf7 $1 $19 24. b4 Kg7) 1/2-1/2

[Event "Saint Louis Invitational-B 2019"]
[Site "Saint Louis"]
[Date "2019.11.26"]
[Round "9.5"]
[White "Krykun, Yuriy"]
[Black "Kiewra, Keaton"]
[Result "1/2-1/2"]
[WhiteElo "2382"]
[BlackElo "2372"]
[Annotator "TA"]
[PlyCount "80"]
[EventDate "2019.11.21"]
[EventType "tourn"]
[EventCountry "USA"]
[SourceTitle "playchess.com"]
[Source "ChessBase"]
[SourceQuality "1"]

{[%evp 25,80,13,24,16,26,23,47,7,8,0,0,-73,-64,-72,-56,-66,-57,-79,-81,-78,-79,-85,-81,-98,-101,-136,-81,-102,0,-147,-88,-88,-57,-56,-41,-69,-55,-95,-79,-88,0,-97,0,-239,-206,-371,-378,-316,0,0,0,0,0,0,0,0,0]} 1. d4 d5 2. c4 e6 3. Nc3 Nf6 4. Nf3 c5 5. cxd5 Nxd5 6. e4 Nxc3 7. bxc3 cxd4 8. cxd4 Bb4+ 9. Bd2 Bxd2+ 10. Qxd2 O-O 11. Bc4 b6 12. O-O Bb7 13. Rfe1 Nd7 14. a4 {D41: Queen's Gambit Declined: Semi-Tarrasch with 5 cxd5} Rc8 15. Bd3 a5 16. h3 {White is slightly better.} h6 {[#]} 17. Qe2 $146 ({Predecessor:} 17. Bb5 Nf6 18. Qf4 Qc7 19. Qh4 Rfd8 20. Rad1 Qc2 21. d5 exd5 {1-0 (44) Nihal,S (2598)-Sevian,S (2666) chess.com INT 2019}) 17... Rc3 18. Ba6 (18. Rad1 $11 {remains equal.}) 18... Bxa6 $17 19. Qxa6 Qa8 20. Qe2 Qc6 21. Qb2 Rc8 22. Qa2 Qc4 23. Qd2 Rc2 24. Qf4 Qc7 25. Qh4 Qd8 (25... Nf6 $142 26. Ne5 Rd2) 26. Qf4 Qc7 27. Qh4 $1 {[#]} Qd6 (27... Nf6 $142 $1 28. Ne5 Rd2) 28. d5 {With the idea dxe6.} e5 ({Much weaker is} 28... exd5 $6 29. Nd4 $11) 29. Qg4 R8c7 30. Qg3 {Threatening Nd4!} R7c3 31. Re3 Rxe3 32. fxe3 Qc5 (32... Qg6 $17 33. Qxg6 fxg6) 33. Re1 {[#]} (33. Nh4 $1 $11) 33... Qb4 (33... Rc1 $1 $17 {Strongly threatening ...Qxe3+.} 34. Kh2 Rxe1 35. Qxe1 Nf6) 34. Qh4 $2 (34. Nh4 $11 {and White has nothing to worry.}) 34... Nf6 $19 ({Not} 34... Qxa4 35. Qe7 $17) 35. Rf1 $2 (35. Kh2) 35... Qb2 36. Ne1 Re2 $2 ({Black should try} 36... Rc1 $19 {Threatens to win with ...Qe2.} 37. Kh2 Qe2) 37. Rxf6 $1 $11 {The position is equal.} gxf6 38. Qg4+ Kf8 39. Qc8+ Kg7 40. Qg4+ Kf8 {Accuracy: White = 39%, Black = 63%.} 1/2-1/2